[Event "Politiken Cup, Copenhagen op 21"]
[Site "Copenhagen"]
[Date "1999.07.06"]
[Round "4"]
[White "Brameld, Arthur F"]
[Black "Hvenekilde, Jorgen"]
[Result "0-1"]
[WhiteElo "2109"]
[BlackElo "2239"]
[PlyCount "68"]
[EventDate "1999.07.03"]
[EventRounds "11"]

1. e4 e5 2. f4 exf4 3. Nf3 h6 4. Bc4 Nc6 5. d4 g5 6. h4 Bg7 7. hxg5 hxg5 8. Rxh8 Bxh8 9. g3 {out of book} g4 {Black gets in control} 10. Nh4 f3 (10... fxg3 $6 11. Qxg4 Nce7 12. Qh5 $11) (10... Bxd4 $6 11. Qxg4 Nf6 12. Qxf4 $15) 11. Be3 Nge7 12. Nc3 Na5 13. Bd3 d5 14. Qd2 c5 15. exd5 (15. Nxd5 {Hvenekilde}) 15... c4 (15... cxd4 $6 16. Bb5+ Bd7 17. Bxd4 Bxb5 18. Bxh8 $11) 16. Bh7 Nxd5 17. O-O-O Nxc3 (17... Nxe3 $6 18. Qxe3+ Qe7 19. Qf4 $14) 18. Qxc3 Qd5 19. Bd2 Nc6 20. Qe3+ Be6 21. Bc3 Bf6 22. Kb1 O-O-O 23. Be4 Qg5 24. Qf2 Bd5 25. Bf5+ Kc7 26. Bd2 Qh5 27. Bf4+ $2 $19 (27. Qe3 Bxh4 28. Qf4+ Kb6 29. Bxg4 Bxg3 30. Qxg3 $19 (30. Bxh5 $2 {looks very tantalising, but} Bxf4 31. Bxf4 Rh8 $19)) 27... Kb6 28. Be4 (28. Qh2 $19) 28... Bxe4 29. d5+ Ka6 30. Qc5 Na5 31. b4 cxb3 $1 32. axb3 Rxd5 33. Qd6+ Rxd6 34. Rxd6+ b6 0-1

[Event "Politiken Cup, Copenhagen op 21"]
[Site "Copenhagen"]
[Date "1999.07.11"]
[Round "8"]
[White "Henrichsen, Jens"]
[Black "Brameld, Arthur F"]
[Result "1/2-1/2"]
[WhiteElo "2059"]
[BlackElo "2109"]
[PlyCount "34"]
[EventDate "1999.07.03"]
[EventRounds "11"]

1. d4 Nc6 2. Nf3 d5 3. c4 Bg4 4. cxd5 Bxf3 5. gxf3 Qxd5 6. e3 e6 7. Nc3 Bb4 8. Bd2 Qh5 9. f4 Qxd1+ 10. Rxd1 Nge7 11. Ne4 Bxd2+ 12. Rxd2 O-O 13. Rg1 Rfd8 14. Bd3 g6 15. Ke2 Nd5 16. Rdd1 a5 17. a3 Nce7 1/2-1/2

[Event "Soton Lge & Robertson Cup"]
[Site "?"]
[Date "1999.??.??"]
[Round "?"]
[White "Kinsler, Dave"]
[Black "Brameld, Arthur F"]
[Result "0-1"]
[WhiteElo "1808"]
[BlackElo "2109"]
[PlyCount "72"]

1. d4 Nc6 2. c4 e5 3. d5 Nce7 4. Nc3 Ng6 5. Nf3 Nf6 6. Bg5 h6 7. Bd2 e4 8. Nd4 Bc5 9. e3 d6 10. Nb3 Ne5 11. Nxc5 dxc5 12. Qc2 Bf5 13. O-O-O Bg6 14. h3 O-O 15. Be1 Qe7 16. Be2 a6 17. a4 Rfd8 18. Qb3 c6 19. f3 exf3 20. gxf3 Nxf3 21. Bxf3 Qxe3+ 22. Bd2 Qxf3 23. h4 Ne4 24. Rhg1 Nxc3 25. bxc3 cxd5 26. cxd5 Qxd5 27. Qb2 Qh5 28. Rdf1 b5 29. a5 b4 30. c4 Rd4 31. Qa2 Rad8 32. Be3 Rd3 33. Rxg6 Rc3+ 34. Kb2 Qe2+ 35. Kb1 Qxf1+ 36. Kb2 fxg6 0-1

[Event "Soton Lge"]
[Site "?"]
[Date "1999.??.??"]
[Round "?"]
[White "Stuart, Graham"]
[Black "Brameld, Arthur F"]
[Result "0-1"]
[WhiteElo "1752"]
[BlackElo "2109"]
[PlyCount "52"]

1. e4 Nc6 2. d4 e5 3. d5 Nce7 4. Nf3 Ng6 5. Nc3 Bc5 6. Bd3 Nf6 7. O-O d6 8. Ne2 Bg4 9. Bb5+ Bd7 10. Bd3 c6 11. c4 Bg4 12. Ng3 Qd7 13. h3 Bxh3 14. gxh3 Qxh3 15. Nf5 Ng4 16. Be3 Nf4 17. Bxf4 exf4 18. Qe2 g6 19. N5h4 O-O-O 20. Ng2 Rde8 21. Nxf4 Qg3+ 22. Ng2 Re5 23. b4 Bd4 24. dxc6 Rh5 25. cxb7+ Kb8 26. Rfc1 Bxf2+ {0 : 1, Time} 0-1

[Event "Ports Lge"]
[Site "?"]
[Date "1999.??.??"]
[Round "?"]
[White "Cordner, David A"]
[Black "Brameld, Arthur F"]
[Result "0-1"]
[WhiteElo "2008"]
[BlackElo "2109"]
[PlyCount "66"]

1. e4 Nc6 2. Nf3 d6 3. d4 Nf6 4. Nc3 Bg4 5. Be2 e6 6. Be3 Be7 7. Qd2 O-O 8. h3 Bh5 9. O-O-O Bg6 10. d5 exd5 11. exd5 Nb4 12. Ne1 a5 13. a3 Na6 14. Bd3 Nc5 15. Bxg6 hxg6 16. f3 Qd7 17. Nd3 Na4 18. Nf2 Nxc3 19. Qxc3 b5 20. Rhe1 Rfb8 21. Re2 b4 22. axb4 axb4 23. Qc6 Qxc6 24. dxc6 Kf8 25. Rd4 Ra6 26. Rh4 Nh5 27. Rc4 Ng3 28. Re1 Ra1+ 29. Kd2 Nf1+ 30. Rxf1 Rxf1 31. Nd1 Bf6 32. Ke2 Rh1 33. Bd2 b3 {Sealed move.} 0-1

[Event "Ports Lge"]
[Site "?"]
[Date "2000.??.??"]
[Round "?"]
[White "Brameld, Arthur F"]
[Black "Tunks, Dominic"]
[Result "1/2-1/2"]
[WhiteElo "2109"]
[BlackElo "2048"]
[PlyCount "61"]

1. e4 d6 2. d4 Nf6 3. Nc3 c6 4. f4 Qa5 5. Bd3 e5 6. Nf3 Nbd7 7. O-O b5 8. h3 Qc7 9. Be3 Bb7 10. a3 Be7 11. Qe2 O-O 12. Rad1 a6 13. fxe5 dxe5 14. Nxe5 Nxe5 15. dxe5 Nd7 16. e6 fxe6 17. Qg4 Rxf1+ 18. Bxf1 Nf8 19. Be2 c5 20. Bf4 Qc6 21. Bf3 Rd8 22. Rxd8 Bxd8 23. e5 Qd7 24. Bxb7 Qxb7 25. Qf3 Qxf3 26. gxf3 Kf7 $6 27. Ne4 Be7 28. Be3 Nd7 29. f4 Ke8 30. Kg2 Kd8 31. Kf3 {Sealed Move.} 1/2-1/2

[Event "Soton Lge"]
[Site "?"]
[Date "2000.??.??"]
[Round "?"]
[White "Brameld, Arthur F"]
[Black "Walters, Len C"]
[Result "1-0"]
[WhiteElo "2109"]
[BlackElo "1672"]
[PlyCount "75"]

1. e4 e5 2. f4 d5 3. exd5 e4 4. d3 Qxd5 5. Nc3 Bb4 6. Qe2 Bxc3+ 7. bxc3 Nf6 8. Ba3 Be6 9. Qe3 Nbd7 10. Nh3 c5 11. c4 Qd4 12. Qxd4 cxd4 13. Bb2 O-O 14. Bxd4 b6 15. Nf2 exd3 16. cxd3 Rad8 17. Be2 Rfe8 18. Rg1 Ng4 19. h3 Nxf2 20. Kxf2 Nf8 21. Be3 Bf5 22. Rgd1 Re7 23. Bf1 Bc8 24. a4 Rde8 25. Re1 f5 26. a5 Nd7 27. axb6 axb6 28. Bd4 Rxe1 29. Rxe1 Rxe1 30. Kxe1 Bb7 31. Kf2 Kf7 32. Be2 g6 33. Be3 Ke6 34. Bf3 Bxf3 35. Kxf3 h5 36. g3 Kd6 37. Bd4 Kc6 38. g4 1-0

[Event "Soton Lge"]
[Site "?"]
[Date "2000.??.??"]
[Round "?"]
[White "Brameld, Arthur F"]
[Black "Stock, Tobias W"]
[Result "1-0"]
[Annotator "Junior 5.0 (59s)"]
[WhiteElo "2109"]
[BlackElo "2048"]
[PlyCount "63"]

1. e4 c5 2. Nf3 d6 3. d4 cxd4 4. Qxd4 Nc6 5. Bb5 Bd7 6. Bxc6 Bxc6 7. Nc3 Nf6 8. Bg5 h6 9. Bxf6 gxf6 10. O-O-O e6 11. Rhe1 Be7 12. Kb1 Qa5 13. Qe3 Qc5 14. Nd4 a6 15. Nd5 Bxd5 16. exd5 Qxd5 $18 (16... e5 $5 $16) 17. Nxe6 Qxe6 18. Qf4 $14 (18. Qg3 $5 Qd7 19. Rxd6 $16) 18... Qd7 19. Rxd6 Qc7 20. Qxf6 (20. Rxf6 $6 Qxf4 21. Rxf4 Kf8 $17) 20... Rh7 21. Rd3 Kf8 22. Qf5 Rg7 23. Rd7 Qc5 24. Qf4 $17 (24. Re5 $142 $5 Rxg2 25. c3 (25. Rxc5 $4 Rg1+ 26. Rd1 Rxd1#) 25... Qxf2 26. Qxf2 Rxf2 27. Rexe7 $11) 24... Bg5 25. Qe4 Qxf2 26. Rxb7 Rd8 27. Rb3 Bd2 $4 (27... Rg6 $142 28. a3 (28. Rf3 Rgd6) 28... Bf6 $19) 28. Qe7+ Kg8 29. Qxd8+ Kh7 30. Qd3+ Rg6 (30... f5 31. Rf1 Qxg2 32. Rd1 $18) 31. Rf1 Qxg2 (31... Qa7 32. Qxd2 Qe7 33. Qf2 $18) 32. Qf3 (32. Qf3 Rg7 33. Qf5+ Qg6 34. Qf2 $18) (32. Rxf7+ Kg8 33. Qc4 Qg1+ 34. Rf1+ Kh7 35. Rb7+ Kh8 36. a3) 1-0

[Event "Portsmouth Open"]
[Site "?"]
[Date "2000.??.??"]
[Round "1"]
[White "Brameld, Arthur F"]
[Black "Young, C."]
[Result "1/2-1/2"]
[WhiteElo "2109"]
[BlackElo "1896"]
[PlyCount "40"]
[EventDate "2000.??.??"]
[EventRounds "6"]

1. e4 c5 2. Nf3 d6 3. d4 cxd4 4. Qxd4 Nc6 5. Bb5 Bd7 6. Bxc6 Bxc6 7. Nc3 Nf6 8. Bg5 h6 9. Bxf6 gxf6 10. O-O-O Qb6 11. Qxb6 axb6 12. Nd4 Rg8 13. g3 h5 14. h4 Rg4 15. Rhe1 O-O-O 16. b4 e6 17. b5 Be8 18. Rd3 Kb8 19. Kb2 Rc8 20. Kb3 Bd7 1/2-1/2

[Event "Portsmouth Open"]
[Site "?"]
[Date "2000.??.??"]
[Round "2"]
[White "Frost, Nicholas A"]
[Black "Brameld, Arthur F"]
[Result "1-0"]
[WhiteElo "2040"]
[BlackElo "2109"]
[PlyCount "39"]
[EventDate "2000.??.??"]
[EventRounds "6"]

1. e4 Nc6 2. d4 e5 3. Nf3 exd4 4. Nxd4 Nf6 5. Nxc6 bxc6 6. e5 Qe7 7. Qe2 Nd5 8. c4 Nb6 9. b3 a5 10. Bb2 Qe6 11. Nd2 a4 12. Qe3 Bb4 13. Be2 O-O {13....Ra5!?} 14. O-O d5 15. Nf3 dxc4 16. Nd4 Qd5 17. Bf3 Qc5 18. a3 Nd5 19. Bxd5 cxd5 20. axb4 1-0

[Event "Portsmouth Open"]
[Site "?"]
[Date "2000.??.??"]
[Round "3"]
[White "Brameld, Arthur F"]
[Black "Cordner, David A"]
[Result "1-0"]
[Annotator "Arthur F Brameld"]
[WhiteElo "2104"]
[BlackElo "2024"]
[PlyCount "43"]
[EventDate "2000.??.??"]
[EventRounds "6"]

1. e4 c6 2. d4 d5 3. f3 dxe4 4. fxe4 e5 5. Nf3 Be6 6. c3 Nd7 (6... Nf6 7. Bd3 Nbd7 8. O-O Bd6 {transposes}) 7. Bd3 Bd6 8. O-O Ngf6 9. Ng5 (9. Nbd2 O-O 10. Qe1 Re8 11. Bc4 b5 12. Bxe6 Rxe6 13. Kh1 $13) (9. Kh1 Qe7 $1 10. Be3 Bc7 11. Nbd2 O-O 12. Bg5 h6 13. Bh4 Rae8 $1 14. Qe1 Qd8 $1 $15) 9... Qc7 (9... O-O 10. Be2 Qe7 11. Nd2 exd4 12. cxd4 Bd5 13. Bf3 Rfc8 14. a4) (9... Nf8 10. Kh1) (9... exd4 10. cxd4 Qb6 11. Be2 Nf8 12. Qd3 Rd8 13. Qe3 Bc7 14. e5) (9... Qb6 10. Nxe6 fxe6 11. Nd2 exd4 12. Nc4 Qc7 13. cxd4 Bxh2+ 14. Kh1) 10. h3 O-O-O (10... Nf8 11. Be3 h6 12. Nxe6 Nxe6 13. Nd2 O-O-O 14. Nf3) 11. Be3 Kb8 12. Nd2 h6 13. Nxe6 fxe6 14. Nc4 Be7 15. dxe5 Nc5 16. exf6 Rxd3 17. Bf4 Qxf4 18. Rxf4 Rxd1+ 19. Rxd1 gxf6 20. b4 e5 21. Nxe5 fxe5 22. Rf7 1-0

[Event "Portsmouth Open"]
[Site "?"]
[Date "2000.??.??"]
[Round "5"]
[White "Wheeler, John F"]
[Black "Brameld, Arthur F"]
[Result "0-1"]
[WhiteElo "2016"]
[BlackElo "2109"]
[PlyCount "58"]
[EventDate "2000.??.??"]
[EventRounds "6"]

1. d4 Nc6 2. d5 Ne5 3. e4 e6 4. Nf3 Nxf3+ 5. Qxf3 exd5 6. exd5 Bc5 7. Bd3 Qf6 8. Qe2+ Qe7 9. Be3 Bxe3 10. fxe3 Nf6 11. Nc3 d6 12. O-O Qe5 13. Rf4 O-O 14. Raf1 Re8 15. Ne4 Nxd5 16. Rxf7 Be6 17. R7f2 Rf8 18. Rxf8+ Rxf8 19. Rxf8+ Kxf8 20. Qf2+ Ke7 21. Qh4+ Kd7 22. Qxh7 Qxb2 23. h4 Nxe3 24. Nf2 Qa1+ 25. Kh2 Qe5+ 26. g3 Bxa2 27. Be2 Nf5 28. Bg4 Qxg3+ 29. Kh1 Bd5+ 0-1

[Event "Portsmouth Open"]
[Site "?"]
[Date "2000.??.??"]
[Round "6"]
[White "Brameld, Arthur F"]
[Black "Spanton, Tim R"]
[Result "0-1"]
[WhiteElo "2109"]
[BlackElo "1944"]
[PlyCount "100"]
[EventDate "2000.??.??"]
[EventRounds "6"]

1. e4 c5 2. Nf3 g6 3. c3 Bg7 4. d4 cxd4 5. cxd4 d5 6. exd5 Nf6 7. Nc3 Nxd5 8. Bc4 Nxc3 9. bxc3 Qc7 10. Qb3 O-O 11. O-O Nc6 12. Bd3 Be6 13. Qb2 Na5 14. Rb1 Rac8 15. Bd2 b6 16. Rfe1 Nc4 17. Bxc4 Bxc4 18. Ne5 e6 19. Rbc1 $6 Rfd8 20. Qa3 Bf8 21. Qb2 Rd5 22. Bf4 Qe7 23. Nxc4 Rxc4 24. Qb3 b5 25. Re5 Rxe5 26. Bxe5 Qa3 27. Rc2 a6 28. g3 Bb4 29. Qxa3 Bxa3 30. Kf1 $2 Bb4 31. Ke2 Rxc3 32. Rxc3 Bxc3 33. Kd3 Bb4 34. d5 Kf8 35. dxe6 fxe6 36. Bc3 Bd6 37. Kc2 Bc5 38. f3 Ke7 39. Kb3 Kd6 40. a4 Kd5 41. axb5 axb5 42. Be1 h5 43. Kc3 e5 44. Kd3 b4 45. h3 Bd6 46. Bf2 Bc5 47. Be1 Be7 48. Bf2 Bf6 49. Be1 Kc5 50. Bd2 b3 0-1

[Event "Ports Lge"]
[Site "?"]
[Date "2000.??.??"]
[Round "?"]
[White "McDougall, William M"]
[Black "Brameld, Arthur F"]
[Result "1/2-1/2"]
[WhiteElo "2040"]
[BlackElo "2109"]
[PlyCount "32"]

1. d4 d5 2. Nf3 Nc6 3. g3 Bg4 4. Bg2 Qd7 5. Nbd2 Bh3 6. Bxh3 Qxh3 7. Nb3 e6 8. Qd3 O-O-O 9. Bd2 h6 10. Na5 Nge7 11. Nxc6 Nxc6 12. O-O-O g6 13. Kb1 Bg7 14. Bf4 Qf5 15. Qxf5 exf5 16. Ne5 Nxe5 1/2-1/2

[Event "Ports Lge"]
[Site "?"]
[Date "2000.??.??"]
[Round "?"]
[White "Brameld, Arthur F"]
[Black "Lock, Gavin R"]
[Result "1/2-1/2"]
[WhiteElo "2109"]
[BlackElo "2103"]
[PlyCount "39"]

1. d4 d5 2. Nf3 Nf6 3. e3 g6 4. b3 Bg7 5. Bb2 O-O 6. Nbd2 b6 7. c4 dxc4 8. Bxc4 Bb7 9. O-O Nbd7 10. Qe2 c5 11. Rfd1 Rc8 12. Ba6 Qc7 13. Rac1 Qb8 14. Bxb7 Qxb7 15. Nc4 Rfd8 16. dxc5 Nxc5 17. Rxd8+ Rxd8 18. Rd1 Rxd1+ 19. Qxd1 Qd7 20. Qxd7 1/2-1/2

[Event "Robertson Cup sf"]
[Site "?"]
[Date "2000.??.??"]
[Round "?"]
[White "Buckmaster, Martin J"]
[Black "Brameld, Arthur F"]
[Result "1/2-1/2"]
[WhiteElo "2024"]
[BlackElo "2109"]
[PlyCount "50"]

1. e4 Nc6 2. Nf3 d6 3. d4 Nf6 4. Nc3 Bg4 5. Be3 e6 6. Be2 Be7 7. O-O O-O 8. d5 exd5 9. exd5 Bxf3 10. Bxf3 Ne5 11. Be2 c5 12. f4 Ng6 13. g3 a6 14. a4 Qd7 15. Kg2 Rfe8 16. Bf2 Bd8 17. Bf3 Ba5 18. Qd3 Re7 19. Rfe1 Rae8 20. Rxe7 Rxe7 21. Ne4 Nxe4 22. Bxe4 Qe8 23. Bf3 Be1 24. Bxe1 Rxe1 25. Rxe1 Qxe1 1/2-1/2

[Event "Ports Lge"]
[Site "?"]
[Date "2000.??.??"]
[Round "?"]
[White "Pye, David E"]
[Black "Brameld, Arthur F"]
[Result "1-0"]
[WhiteElo "2072"]
[BlackElo "2109"]
[PlyCount "75"]
[EventDate "2000.??.??"]

1. Nc3 d5 2. d4 Nf6 3. Bg5 Nbd7 4. Nf3 h6 5. Bf4 c6 6. Qd3 e6 7. e4 dxe4 8. Nxe4 Nxe4 9. Qxe4 Nf6 10. Qd3 Be7 11. O-O-O Qd5 12. c4 Qe4 13. Qd2 Bb4 14. Qxb4 Qxf4+ 15. Qd2 Qxd2+ 16. Rxd2 O-O 17. Bd3 b6 18. Ne5 Bb7 19. f3 Rfd8 20. Rhd1 Kf8 21. Be4 Rac8 22. b4 Nxe4 23. fxe4 f6 24. Nf3 c5 25. dxc5 Rxd2 26. Nxd2 bxc5 27. b5 Rd8 $6 (27... Ke7 $15) 28. Nb3 Rxd1+ 29. Kxd1 Bxe4 30. Nxc5 Bxg2 31. Nxe6+ Kf7 32. Nd4 g6 {Sealed move.} 33. a4 Ke7 34. c5 Kd7 35. a5 Bd5 36. Kd2 Bg2 37. a6 Bf1 $2 38. b6 (38. b6 Bxa6 39. bxa7 Bb7 40. c6+ Kc8 41. cxb7+ Kxb7 42. Nc6) 1-0

[Event "Cole Cup Final"]
[Site "?"]
[Date "2000.??.??"]
[Round "?"]
[White "Lock, Gavin R"]
[Black "Brameld, Arthur F"]
[Result "1/2-1/2"]
[WhiteElo "2103"]
[BlackElo "2109"]
[PlyCount "66"]

1. e4 Nc6 2. Nf3 d6 3. d4 Nf6 4. Nc3 Bg4 5. Bb5 a6 6. Bxc6+ bxc6 7. h3 Bh5 8. Qe2 e6 9. g4 Bg6 10. Nh4 d5 11. Nxg6 hxg6 12. Bg5 Be7 13. Bxf6 Bxf6 (13... gxf6 $1 14. O-O-O Qd6 $15 15. Kb1 O-O 16. h4 Rfb8 17. Rd3 Kg7 18. Qe3 Rb4 19. h5 g5 20. h6+ Kh8 21. h7 Rab8 22. b3 a5) 14. O-O-O Be7 15. Qd3 Bb4 16. a3 Bxc3 17. Qxc3 Kd7 18. Qd3 Qg5+ 19. Kb1 Qf4 20. Rhe1 Rhb8 21. Re3 Ke7 22. c4 dxc4 23. Qxc4 Kf8 24. Qe2 Rb5 25. Rd2 Rab8 26. e5 Qh2 27. Qd3 Qh1+ 28. Ka2 Qd5+ 29. Kb1 Kg8 30. f4 Rb3 31. Qe2 Qh1+ 32. Ka2 Qd5 33. Kb1 Qh1+ 1/2-1/2

[Event "Bergen International"]
[Site "Bergen NOR"]
[Date "2000.??.??"]
[Round "1"]
[White "Hersvik, Anita"]
[Black "Brameld, Arthur F"]
[Result "1/2-1/2"]
[WhiteElo "1724"]
[BlackElo "2100"]
[PlyCount "88"]
[EventDate "2000.??.??"]

1. e4 Nc6 2. d4 e5 3. Nf3 exd4 4. Bc4 Bc5 5. c3 d3 6. O-O d6 7. Qxd3 Bg4 8. Bf4 Qf6 9. Bg5 Qg6 10. Nbd2 h6 11. Bh4 Nge7 12. b4 Bb6 13. a4 a5 14. b5 Nd8 15. Bxe7 Kxe7 16. Nh4 Qf6 17. Qg3 Qg5 18. e5 dxe5 19. Rae1 Be6 20. Rxe5 Qxg3 21. hxg3 g5 22. Nhf3 Kf6 23. Rfe1 Bxc4 24. Nxc4 Ne6 25. g4 Rhd8 26. Rf5+ Ke7 27. Nfe5 f6 28. Nxb6 cxb6 29. Nc4 Rd3 30. Nxb6 Rad8 31. c4 Rd1 32. Kf1 Rxe1+ 33. Kxe1 Rd4 34. Nd5+ Kd6 35. Ne3 Ke7 36. Rf3 Kf7 37. Nf5 Re4+ 38. Kd2 Kg6 39. Ne7+ Kg7 40. Nf5+ Kg6 41. Re3 Rxg4 42. Ne7+ Kf7 43. Nf5 Kg6 44. Ne7+ Kf7 1/2-1/2

[Event "Bergen International"]
[Site "Bergen NOR"]
[Date "2000.??.??"]
[Round "2"]
[White "Brameld, Arthur F"]
[Black "Holder, Havard"]
[Result "1-0"]
[WhiteElo "2100"]
[BlackElo "1718"]
[PlyCount "97"]
[EventDate "2000.??.??"]

1. d4 f5 2. Bg5 g6 3. Nd2 Bg7 4. e4 fxe4 5. Nxe4 Nf6 6. Bd3 d5 7. Nc5 b6 8. Nb3 c5 9. Bb5+ Bd7 10. Bxd7+ Nbxd7 11. Qe2 Ne4 12. Bh4 Nd6 13. Nf3 Nf5 14. c3 Nxh4 15. Nxh4 e5 16. Nf3 e4 17. dxc5 bxc5 18. O-O-O Qe7 19. Rhe1 Bf6 20. Qb5 d4 21. Qc6 O-O 22. Rxe4 Qf7 23. Qe6 Rfd8 24. c4 a5 25. Rde1 a4 26. Nbd2 Kf8 27. h4 Rab8 28. Ng5 Bxg5 29. hxg5 Re8 30. Qxf7+ Kxf7 31. f4 Rxe4 32. Rxe4 Rb6 33. g4 Re6 34. Kc2 Nf8 35. Kd3 Rb6 36. b3 axb3 37. Nxb3 Ne6 38. Re5 Nxf4+ 39. Ke4 Ne6 40. Nxc5 Nxc5+ 41. Rxc5 d3 42. Kxd3 Ra6 43. Re5 Rxa2 44. Kd4 Rg2 45. Re4 h5 46. gxh6 g5 47. Kd5 Rh2 48. c5 Rxh6 49. c6 1-0

[Event "Bergen International"]
[Site "Bergen NOR"]
[Date "2000.??.??"]
[Round "3"]
[White "Ledger, Andrew"]
[Black "Brameld, Arthur F"]
[Result "1-0"]
[Annotator "Junior 5.0 (30s)"]
[WhiteElo "2441"]
[BlackElo "2100"]
[PlyCount "97"]
[EventDate "2000.??.??"]

1. e4 Nc6 2. Nf3 d6 3. d4 Nf6 4. Nc3 Bg4 5. Be3 e6 6. h3 Bh5 7. Be2 d5 8. e5 Nd7 9. Nd2 Bxe2 10. Nxe2 Nb6 11. O-O Be7 12. c3 Qd7 13. f4 g6 14. Qc2 h5 15. b3 Bf8 16. c4 Ne7 17. Bf2 h4 18. a4 Nbc8 19. Nf3 Nf5 20. cxd5 exd5 21. Rfe1 Bb4 22. Red1 Nce7 23. Nc1 Qc6 24. Qe2 Qb6 $14 (24... O-O-O 25. Qb5 Bc3 26. Ra2 $11) 25. Na2 (25. Qb5+ Nc6) 25... Nc6 26. Rac1 (26. Nxb4 Qxb4 27. e6 f6 $11) 26... Ba3 27. Rc3 $15 (27. Rb1 Be7 $11) 27... a6 28. Rcd3 Be7 29. Qb2 Nb4 $11 (29... O-O-O 30. Nc3 $15) 30. Nxb4 Bxb4 31. Rc1 c6 32. Qe2 a5 33. Be1 Be7 34. Kh2 Ba3 35. Rb1 Be7 36. Bc3 Ra6 37. Qe1 O-O $6 (37... Qd8 38. Rd2 $11) 38. e6 Qc7 39. exf7+ Rxf7 40. Ne5 Rg7 41. Qe2 Ng3 $2 $14 (41... Ra8 42. Qg4 $132) 42. Qg4 c5 $6 $16 (42... Kh7 $5 $14) 43. dxc5 Qxc5 44. Nf3 $16 (44. Nd7 $5 Qf2 45. Bxg7 Kxg7 46. Rxd5 Nh5 $18) 44... d4 $4 $18 (44... Bf6 $142 45. Nxh4 Ne4 $16) 45. Bxd4 Qc2 46. Rdd1 Rd6 47. Rdc1 Qe4 48. Bxg7 Kxg7 49. Re1 1-0

[Event "Bergen International"]
[Site "Bergen NOR"]
[Date "2000.??.??"]
[Round "4"]
[White "Brameld, Arthur F"]
[Black "Mork, Kjell Arne"]
[Result "0-1"]
[WhiteElo "2100"]
[BlackElo "2279"]
[PlyCount "108"]
[EventDate "2000.??.??"]

1. d4 Nf6 2. Nf3 c5 3. e3 b6 4. c4 g6 5. Nc3 Bg7 6. Be2 O-O 7. O-O d6 8. a3 Nc6 9. d5 Ne5 10. Nxe5 dxe5 11. b4 Ne8 12. Rb1 Nd6 13. e4 Bd7 14. Be3 Rc8 15. b5 f5 16. f3 Ra8 17. a4 a5 18. Qd3 f4 19. Bd2 g5 20. h3 Qe8 21. Kf2 Qg6 22. Rh1 Bf6 23. Rbg1 Kh8 24. Qb1 Rg8 25. Qf1 Qf7 26. Ke1 Rg6 27. Kd1 Rag8 28. Be1 Kg7 29. Bf2 Kf8 30. Kd2 Ke8 31. Kd3 Kd8 32. Rh2 h5 33. Rhh1 g4 34. hxg4 hxg4 35. Bd1 R6g7 36. Be2 Rg5 37. Bd1 Qg6 38. Be2 Kc7 39. Bd1 Kb7 40. Be2 Qg7 41. Bd1 Qf7 42. Be2 R8g7 43. Bd1 Rh7 44. Rxh7 Qxh7 45. Rh1 Qg7 46. Rg1 Qg6 47. Be2 Rh5 48. Rh1 Nf7 49. Nb1 (49. Rxh5 Qxh5 50. fxg4 Bxg4 51. Bxg4 (51. Be1 Bh4 52. Bxg4 Qxg4 53. Bd2 Nd6 54. Kc2 Qg6 55. Qe2 Kc7) 51... Qxg4 52. Be1 e6 53. Qf3 Qg6) 49... Ng5 50. Rxh5 Qxh5 51. Nd2 g3 52. Bg1 Qh1 53. Nb1 Bh3 54. gxh3 Nxh3 0-1

[Event "Ward Higgs Trophy - Board 3"]
[Site "BCF Corr."]
[Date "2000.??.??"]
[Round "?"]
[White "Brameld, Arthur F"]
[Black "Dodwell, Philip"]
[Result "1-0"]
[WhiteElo "2100"]
[BlackElo "2072"]
[PlyCount "89"]
[EventDate "2000.??.??"]

1. d4 f5 2. Qd3 d5 3. Bf4 Nf6 4. Nf3 e6 5. c4 dxc4 6. Qxc4 Bd6 7. Bg3 O-O 8. e3 Nc6 9. a3 Bd7 10. Nc3 Kh8 11. Rd1 Qe7 12. Ne5 Be8 13. Be2 Rd8 14. Bf3 Bxe5 15. dxe5 Rxd1+ 16. Bxd1 Nh5 17. Bh4 g5 18. Bxh5 Bxh5 19. Bg3 f4 20. exf4 gxf4 21. Bxf4 Qh4 22. g3 Qh3 23. Bg5 Bf3 24. Rg1 Qxh2 25. Rf1 Qh3 26. Bf6+ Kg8 27. g4 Qxg4 28. Qxg4+ Bxg4 29. Rg1 h5 30. f3 Nd4 31. fxg4 Nf3+ 32. Kf2 Nxg1 {=} 33. gxh5 Kh7 34. Kxg1 Kh6 35. Ne2 c5 36. Nf4 Re8 37. Kf2 b5 38. Ke3 a5 39. Kd3 Rc8 40. Nxe6 c4+ 41. Kc3 Kxh5 42. Nd4 Rb8 43. Nc6 Rg8 44. Nxa5 Rg1 45. Kb4 1-0

[Event "Soton Lge"]
[Site "?"]
[Date "2000.??.??"]
[Round "?"]
[White "Brameld, Arthur F"]
[Black "Otway, Brian"]
[Result "1/2-1/2"]
[WhiteElo "2100"]
[BlackElo "1888"]
[PlyCount "58"]

1. e4 c5 2. Nf3 e6 3. d4 cxd4 4. Nxd4 a6 5. Bd3 Bc5 6. Nb3 Ba7 7. O-O Nc6 8. N1d2 d6 9. a4 Nf6 10. Nc4 d5 11. exd5 exd5 12. Qe2+ Be6 13. Ne5 Nxe5 14. Qxe5 O-O 15. h3 Rc8 16. Bg5 Bb8 17. Bxf6 Bxe5 18. Bxd8 Rfxd8 19. Rfb1 g6 20. Nd2 Bf6 21. Kf1 Rd6 22. c3 Bg7 23. Ke2 d4 24. c4 Bh6 25. Ne4 Rdc6 26. b3 Kg7 27. Re1 Kf8 28. Rad1 Bg7 29. Ng5 h6 1/2-1/2

[Event "Ports Lge"]
[Site "?"]
[Date "2000.??.??"]
[Round "?"]
[White "Brameld, Arthur F"]
[Black "Pye, David E"]
[Result "1-0"]
[WhiteElo "2100"]
[BlackElo "2120"]
[PlyCount "101"]

1. e4 Nc6 2. Nf3 d6 3. d4 Nf6 4. Nc3 a6 5. h3 g6 6. Be3 Bg7 7. Qd2 O-O 8. Be2 e5 9. O-O exd4 10. Nxd4 Re8 11. Nxc6 bxc6 12. Bg5 Be6 13. Rad1 {13.Qf4!? (AFB)} Qb8 14. b3 Nd7 15. Na4 Nf8 16. Bf3 Bd7 17. Rfe1 a5 18. Bh6 Bh8 19. Bg4 Bxg4 20. hxg4 Qb4 21. c4 Qxd2 22. Bxd2 c5 23. Bc3 Bxc3 24. Nxc3 Nd7 25. Nd5 Ra7 26. f4 h6 27. Kf2 Kg7 28. Kf3 Nb8 29. Nc3 Nc6 30. Nb5 Rb7 31. e5 {Sealed Move.} dxe5 32. Rd7 Kf8 33. Nd6 Rxb3+ 34. axb3 cxd6 35. f5 Rd8 36. Rxd8+ Nxd8 37. Ke4 Ke7 38. Kd5 Kd7 39. Rh1 Nc6 40. Rxh6 Ne7+ 41. Ke4 Ng8 42. Rh8 Nf6+ 43. Kf3 g5 44. Ra8 Ke7 45. Rxa5 Nd7 46. Ra7 Ke8 47. Ra8+ Ke7 48. Rg8 e4+ 49. Ke3 Nf6 50. Rxg5 Kf8 51. Kf4 1-0

[Event "SR CSSC ch"]
[Site "Aldershot"]
[Date "2000.??.??"]
[Round "1"]
[White "Brameld, Arthur F"]
[Black "Pickersgill, Adrian"]
[Result "1/2-1/2"]
[WhiteElo "2100"]
[BlackElo "1865"]
[PlyCount "37"]
[EventDate "2000.??.??"]

1. e4 c6 2. d4 d5 3. f3 e6 4. Nc3 Bb4 5. Nge2 dxe4 6. fxe4 Qh4+ 7. Ng3 Nf6 8. Qf3 e5 9. Be3 Bg4 10. Qf2 Nbd7 11. a3 Ba5 12. b4 exd4 13. Bxd4 Bc7 14. Nf5 Qxf2+ 15. Kxf2 O-O 16. Bd3 Rfe8 17. Ne3 Be6 18. h3 Rad8 19. Ne2 1/2-1/2

[Event "Soton Lge"]
[Site "?"]
[Date "2000.??.??"]
[Round "?"]
[White "Brameld, Arthur F"]
[Black "Bell, David W"]
[Result "1/2-1/2"]
[WhiteElo "2100"]
[BlackElo "2024"]
[PlyCount "79"]
[EventDate "2000.??.??"]

1. e4 e6 2. Nf3 d5 3. e5 c5 4. b4 cxb4 5. a3 Nc6 6. axb4 Bxb4 7. c3 Be7 8. d4 f6 9. Bd3 fxe5 10. dxe5 Nh6 11. Bxh6 gxh6 12. Qd2 Bg5 13. Qe2 Qc7 14. O-O O-O 15. h4 Bf4 16. Re1 Qg7 17. Kh1 Qg4 18. Ra4 Bd7 19. g3 Nxe5 20. Rxf4 Rxf4 21. Nxe5 Qh3+ 22. Kg1 Rxh4 23. gxh4 Kh8 24. Qg4 Qxg4+ 25. Nxg4 Rg8 26. f3 h5 27. Be2 e5 28. Kf2 hxg4 29. fxg4 Bxg4 30. Bxg4 Rxg4 31. Rxe5 Rxh4 32. Rxd5 Rh2+ 33. Ke3 Rb2 34. Nd2 Kg7 35. Ne4 Kg6 36. Kf4 h6 37. Rd6+ Kg7 38. Kf5 Rb5+ 39. Kf4 a5 40. c4 {Sealed move.} 1/2-1/2

[Event "Soton Lge"]
[Site "?"]
[Date "2000.??.??"]
[Round "?"]
[White "Balfour, David"]
[Black "Brameld, Arthur F"]
[Result "1/2-1/2"]
[WhiteElo "1856"]
[BlackElo "2100"]
[PlyCount "32"]

1. e4 Nc6 2. Nf3 d6 3. Nc3 Nf6 4. h3 g6 5. d4 Bg7 6. Be3 O-O 7. Qd2 e5 8. dxe5 dxe5 9. O-O-O Be6 10. Qxd8 Rfxd8 11. Rxd8+ Rxd8 12. Bb5 Nd7 (12... Nd4 $5) 13. Bxc6 bxc6 14. Ng5 Bh6 15. Nxe6 Bxe3+ 16. fxe3 fxe6 1/2-1/2